000
00308nam a22001457a 4500
999
_c
55049
_d
55049
008
200205b ||||| |||| 00| 0 eng d
020
_a
04032006
041
_a
eng
080
_2
615.83
_a
615.83
082
_a
615.83
100
_a
8
101
_a
EGZ
245
_a
Akupunktura
_c
Sadiku,R
942
_2
udc
_c
BK